Memorias e identidades los sefardíes en Colombia (Registro nro. 76492)

Detalles MARC
000 -ENCABEZADO
Número de control [NR] 01115nam a2200253Ia 4500
008 - DE LONGITUD FIJA DE DATOS DE ELEMENTOS - INFORMACIÓN GENERAL
Elementos de longitud fija [NR] 130821s2011 ck a gr spa
020 ## - NUMERO INTERNACIONAL NORMALIZADO PARA LIBROS [R]
Número Internacional Normalizado del libro [NR] 978 958 738 214 3
040 ## - FUENTE DE CATALOGACION [NR]
Agencia de catalogación original [NR] Co-BoUCM
Idioma de catalogación [NR] spa
041 00 - CODIGO DE IDIOMA [R]
Código de idioma para texto/pista de sonido o título separado [R] Español
100 1# - ASIENTO PRINCIPAL--NOMBRE PERSONAL [NR]
Nombre personal [NR] Cadavid, Margarita
245 10 - MENCION DE TITULO [NR]
Título [NR] Memorias e identidades los sefardíes en Colombia
Mención de responsabilidad, etc. [NR] Margarita Cadavid, María del Rosario García
260 ## - PUBLICACION, DISTRIBUCION, ETC. (PIE DE IMPRENTA) [R]
Lugar de publicación, distribución, etc. [R] Bogotá (Colombia)
Nombre del editor, distribuidor, etc. [R] Editorial Universidad del Rosario
Fecha de publicación, distribución, etc. [R] 2011
300 ## - DESCRIPCION FISICA [R]
Extensión [R] xxvii, 83 paginas
Otros detalles físicos [NR] ilustraciones, gráficas
504 ## - NOTA DE BIBLIOGRAFIA, ETC. [R]
Nota de bibliografía, etc. [NR]
650 ## - ASIENTO SECUNDARIO DE MATERIA - TERMINO TEMATICO [R]
Término temático o nombre geográfico como elemento de entrada [NR] Cultura
Subdivisión general [R] Historia
Subdivisión geográfica [R] Colombia
9 (RLIN) 150
650 ## - ASIENTO SECUNDARIO DE MATERIA - TERMINO TEMATICO [R]
Término temático o nombre geográfico como elemento de entrada [NR] Hispanidad
Subdivisión geográfica [R] Colombia
9 (RLIN) 16911
650 ## - ASIENTO SECUNDARIO DE MATERIA - TERMINO TEMATICO [R]
Término temático o nombre geográfico como elemento de entrada [NR] Judíos en España
Subdivisión general [R] Historia
9 (RLIN) 18103
650 ## - ASIENTO SECUNDARIO DE MATERIA - TERMINO TEMATICO [R]
Término temático o nombre geográfico como elemento de entrada [NR] Judíos
Subdivisión general [R] Historia
Subdivisión geográfica [R] Colombia
9 (RLIN) 18096
650 ## - ASIENTO SECUNDARIO DE MATERIA - TERMINO TEMATICO [R]
Término temático o nombre geográfico como elemento de entrada [NR] Sefarditas
Subdivisión general [R] Historia
Subdivisión geográfica [R] Colombia
9 (RLIN) 24076
651 ## - ASIENTO SECUNDARIO DE MATERIA - NOMBRE GEOGRAFICO [R]
Nombre geográfico [NR] Colombia
Subdivisión general [R] Civilización
-- Historia
9 (RLIN) 26606
700 1# - ASIENTO SECUNDARIO - NOMBRE PERSONAL [R]
Nombre personal [NR] García, María del Rosario
710 1# - ASIENTO SECUNDARIO - NOMBRE CORPORATIVO [R]
Nombre corporativo o de jurisdicción como elemento de entrada [NR] Universidad Colegio Mayor de Nuestra Señora del Rosario.
Unidad subordinada [R] Facultades de Ciencia Política y Gobierno y de Relaciones Internacionales
942 ## - ELEMENTOS DE ENTRADA AGREGADOS (KOHA)
Tipo de ítem principal el descrito en 300a Edición Rosarista
Sistema de clasificación DEWEY
Tema principal Sociología
Edición 1
Clasificación 303.482
Parte restante de la signatura top. C121m
Existencias
Fecha de último préstamo Total préstamos Signatura topográfica Código de barras Última vez visto Ejemplar Price effective from Tipo de ítem Perdido Sistema de clasificación Dañado No prestable Tipo de ítem específico Suprimido Ubicación habitual Ubicación actual Localización Fecha de creación Forma de adquisición Costo Total Renewals
22/04/2014 1 303.482 C121m 100124599 03/12/2025 Ej.1 03/02/2013 Edición Rosarista   DEWEY     Libro Edición Rosarista   Claustro Claustro 4to piso 30/09/2012 Memoria institucional 26000.00  
21/10/2021 3 303.482 C121m 100124603 09/12/2025 Ej.5 03/02/2013 Libro   DEWEY     Libro   Claustro Claustro 2do piso 30/09/2012 Memoria institucional 26000.00 5
08/10/2021 3 303.482 C121m 100127277 09/12/2025 Ej.6 03/02/2013 Libro   DEWEY     Libro   Claustro Claustro 2do piso 28/02/2013 Compra 22410.00 3